15 Spoof Movie - Statistiques

Statistiques générales
  • Ce quiz a été pris 30 fois
  • Le résultat moyen est 6 sur 16
Statistiques - réponses
Description : Le film : % Correct
Un ours en peluche qui fume, boit de la bière et baise des putes !? Ted
84%
Cindy voit tout ses amis se faire sanguinairement assassiner par Doofy déguisé en fantôme Scary Movie
68%
Une bande de potes à la "Jackass" invoquent le dieu de la vanne qui leur soumet de sauver l'humour grâce à 11 commandements de l'humour... où 15 pour couper la poire en deux Les 11 commandements
64%
Ils ont perdu leur pote dans une ville où il vaut mieux ne pas être épileptique. Very bad trip
52%
Deux geek sillonnent les USA dans le but de rejoindre le Comic-Con mais ils tombent sur un alien tout droit sorti de la zone 51 Paul
48%
Shmidt et Jenko viennent d'obtenir leur première mission aux stup ! Mais pour ça ils doivent réintégrer le lycée où ils se sont connus et où Jenko était parmis les "populaires" pendant que Shmidt était bizarre et paumé. 21 jump street
36%
Dans les années 70, Raoul Duke embarque son avocat à Las Vegas, ville du vice et des psychédéliques. Las Vegas Parano
36%
Quand ils ont acheté leur maison, ils ne pensaient pas atterrir juste à côté d'une fraternité d'étudiants qui font la teuf du matin au soir Nos pires voisins
28%
Un mec paumé fait pousser de la weed avec les cendres de son meilleur ami, la fume et a des visions qui le poussent à intégrer Harvard. How High
24%
Les humains sont vus comme des "Dieux" par les habitants ce grand Wall-Mart Sausage Party
24%
L'animateur phare du talk-show le plus suivi des Etats-Unis reçoit, dans un premier temps, une proposition d'entretien filmé avec Kim-Jong-Un, et se voit obligé d'intégrer une mission spéciale du FBI The interview
24%
Alphonse Brown vient tout juste de sortir d'un séjour à la maison d'arrêt du Havre qu'il se retrouve dans un ancien bunker nazi où se terre toute la weed du IIIeme Reich La Beuze
20%
Cendar doit retourner chez son père à South Central, il y retrouve ses vieux potes et fait la connaissance de Dashiki mère célibataire très séduisante mais mauvais délire. Spoof Movie
20%
Un cowboy pas très vaillant fait la pire erreur de sa vie, provoquer le bandit le plus féroce de tout le Far West Albert à l'Ouest
16%
BONUS : 4 meilleurs amis : Un alcoolique, un dragueur, "Breitling" : l'étudiant modele, et un sérial looser. Les trois premiers viennent de décrocher leur année de Droit tandis que le dernier retriple sa seconde année... une soirée pour fêter ça ? Quatre garçons pleins d'avenir
16%
Dale est témoin du meurtre d'un membre de la pègre chinoise par le plus gros trafiquant de la ville... Il ne trouve rien de mieux à faire que de se planquer chez son dealer pour échapper à une mort certaine Pineaple Express
4%
Aucun quiz correspondant
Distribution des résultats
% des personnes avec chaque résultat
Percentile par nombre de réponses
Votre historique - résultats
Vous n’avez pas pris ce quiz